000 00552nam a2200181Ia 4500
005 20250326144005.0
008 250326s9999 xx 000 0 und d
037 _aTextbook
040 _aFMSL
_beng
_cFMSL
041 _aeng
_2eng
084 _aX:512 P5
_qFMSL
100 _aTybout A M
_9735699
245 0 _aKellogg on branding: marketing faculty of the kellogg school of management
_cTybout A M; Calkins T
260 _aNew Delhi
_bNew Delhi, John Wiley
_c2005
365 _b399
942 _cTB
_hX:512 P5
999 _c1301920
_d1301920